| 000 | 00460nam a22001337a 4500 | ||
|---|---|---|---|
| 020 | _a0-13-334251-4 | ||
| 082 | _a629.89 FUZ,M | ||
| 100 |
_aMOHAMMAD JAMSHIDI , VADIEE, NADER , ROSS, TIMOTHY J _967427 |
||
| 245 | _aFUZZY LOGIC AND CONTROL , SOFTWARE AND HARDWARE APPLICTIONS | ||
| 260 |
_aENGLEWOOD CLIFFS _bPTR.PRENTICE-HALL _c1993 |
||
| 300 | _aXIV,395 P ILL | ||
| 650 |
_aAPPLICATION SOFTWARE FUZZY SYSTEMS INTELLIGENT CONTROL SYSTEMS _967428 |
||
| 942 | _cBK | ||
| 999 |
_c575213 _d575213 |
||